000 00790nam a2200193 i 4500
001 162808
003 ES-MaACL
005 20230906212617.0
008 170427s1911 sp |||| | spa d
245 0 0 _aOftalmología y enfermedades de la nariz, garganta y oídos /
_cpor los profesores L Bach , Dr. Krusius, C. von Eicken y Verner Kümmel ; traducción directa del alemán por el Dr. Pablo González Muñoz.
260 _aMadrid :
_bSaturnino Calleja,
_c1911.
300 _a132 p. :
_bil. ;
_c22 cm.
490 1 _aAnuario de ciencias médicas. Primera serie ;
_v11
650 0 4 _aOftalmología.
_915693
700 0 _aGonzález Muñoz, Pablo.
_958833
830 0 _aAnuario de ciencias médicas. Primera serie ;
_v11
_9182797
852 _aES-MaACL
_jB-11077
999 _c162808
_d162808